Долг врача и гражданина (Запись № 11828904)

Подробности
000 -МАРКЕР
контрольное поле 02342nam0a2200361 4500
001 - ИДЕНТИФИКАТОР ЗАПИСИ
контрольное поле RU\NLR\BIBL_A\011792309
005 - ИДЕНТИФИКАТОР ВЕРСИИ
контрольное поле 20180926152846.0
010 ## - МЕЖДУНАРОДНЫЙ СТАНДАРТНЫЙ НОМЕР КНИГИ (ISBN)
Номер (ISBN) 978-5-98615-324-7
Тираж 500
021 ## - НОМЕР ГОСУДАРСТВЕННОЙ РЕГИСТРАЦИИ
Код страны Российская Федерация
Номер КН-П-18-059449
Номер Листа государственной регистраци КН-П-18-4280
035 ## - ДРУГИЕ СИСТЕМНЫЕ НОМЕРА
Идентификатор записи (NLR Aleph) 011792309
035 ## - ДРУГИЕ СИСТЕМНЫЕ НОМЕРА
Идентификатор записи (RuMoRGB)009715551
100 ## - ДАННЫЕ ОБЩЕЙ ОБРАБОТКИ
Данные общей обработки 20180914d2018 u y0rusy50 ca
101 0# - ЯЗЫК РЕСУРСА
Язык текста, звукозаписи и т.д. русский
102 ## - СТРАНА ПУБЛИКАЦИИ ИЛИ ПРОИЗВОДСТВА
Страна публикации Российская Федерация
105 ## - ПОЛЕ КОДИРОВАННЫХ ДАННЫХ: ТЕКСТОВЫЕ МАТЕРИАЛЫ, МОНОГРАФИЧЕСКИЕ
Кодированные данные о монографическом текстовом документе ac||j|||000zy
200 1# - ЗАГЛАВИЕ И СВЕДЕНИЯ ОБ ОТВЕТСТВЕННОСТИ
Основное заглавие Долг врача и гражданина
Сведения, относящиеся к заглавию учебное пособие
-- [для обучающихся медицинским специальностям по курсу "История медицины", "История Отечества", "История фармации"]
Первые сведения об ответственности Харламов Е.В., Киселёва О.Ф., Склярова Е.К.
Последующие сведения об ответственности Федеральное государственное бюджетное образовательное учреждение высшего образования "Ростовский государственный медицинский университет" Министерства здравоохранения Российской Федерации
210 ## - ПУБЛИКАЦИЯ, РАСПРОСТРАНЕНИЕ И ДР.
Место издания, распространения и т.д. Ростов-на-Дону
Имя издателя, распространителя и т. д. Мини Тайп
Дата издания, распространения и т.д. 2018
215 ## - ФИЗИЧЕСКАЯ ХАРАКТЕРИСТИКА
Специфическое обозначение материала и объем 215 с.
Другие сведения о физической характеристике ил., портр.
Размеры 21
300 ## - ОБЩИЕ ПРИМЕЧАНИЯ
Текст примечания На с. 5-7 1-й и 3-й авт.: Харламов Е.В., засл. работник здравоохранения РФ, д.м.н., проф., Склярова Е.К., к.ист.н., доц.
300 ## - ОБЩИЕ ПРИМЕЧАНИЯ
Текст примечания На обл. авт. не указаны
320 ## - ПРИМЕЧАНИЯ О НАЛИЧИИ В ДОКУМЕНТЕ БИБЛИОГРАФИИ / УКАЗАТЕЛЯ
Текст примечания Библиогр.: с. 196-215 (195 назв.)
606 1# - НАИМЕНОВАНИЕ ТЕМЫ КАК ПРЕДМЕТ
Наименование темы Медицина
Формальный подзаголовок Учебные издания
Тематический подзаголовок История
Системный номер авторитетной/нормативной записи 939091
Идентификатор авторитетной/нормативной записи RU\NLR\AUTH\6628458
606 1# - НАИМЕНОВАНИЕ ТЕМЫ КАК ПРЕДМЕТ
Наименование темы Врачи
Формальный подзаголовок Учебные издания
Тематический подзаголовок Биографии
Системный номер авторитетной/нормативной записи 1362564
Идентификатор авторитетной/нормативной записи RU\NLR\AUTH\66255833
686 1# - ИНДЕКСЫ ДРУГИХ КЛАССИФИКАЦИЙ
Индекс Р.г(0)я7
700 #1 - ИМЯ ЛИЦА - ПЕРВИЧНАЯ ОТВЕТСТВЕННОСТЬ
Начальный элемент ввода Харламов
Часть имени, кроме начального элемента ввода Е. В.
Расширение инициалов личного имени Евгений Васильевич
701 #1 - ИМЯ ЛИЦА - АЛЬТЕРНАТИВНАЯ ОТВЕТСТВЕННОСТЬ
Графика поля Кириллица
Материалы, к которым относится поле rus
Начальный элемент ввода Киселева
Часть имени, кроме начального элемента ввода О. Ф.
Дополнения к именам, кроме дат православный писатель
Расширение инициалов личного имени Ольга Федоровна
Системный номер авторитетной/нормативной записи 59660
Идентификатор авторитетной/нормативной записи RU\NLR\AUTH\7776732
701 #1 - ИМЯ ЛИЦА - АЛЬТЕРНАТИВНАЯ ОТВЕТСТВЕННОСТЬ
Начальный элемент ввода Склярова
Часть имени, кроме начального элемента ввода Е. К.
Расширение инициалов личного имени Елена Константиновна
942 ## - ДОПОЛНИТЕЛЬНЫЕ ЭЛЕМЕНТЫ ЗАПИСИ (АБИС)
Тип экземпляра АБИС Книга
980 ## - КОЛЛЕКЦИЯ
Название коллекции НБР
980 ## - КОЛЛЕКЦИЯ
Название коллекции Национальная библиография

Нет доступных экземпляров.